000 00292cam a22000977a 4500
008 180718b1960 xxu||||| |||| 00| 0 eng d
082 _aK1201x5434 R137m
245 _aThe Rajasthan subordinate offices ministerial staff rules
260 _aJaipur
_bGovernment Central Press
_c1960
300 _a18p.
999 _c499690
_d499690